000 00674nab a2200181 4500
001 244442
003 OSt
005 20231004120449.0
007 tu
008 200917s2020|||||||
040 _aDE-2950
_cDE-2950
245 0 0 _aHoffen auf Förderung fürs Hallenbad
_bBeschluss. 5,4 Millionen Euro für eine umfangreiche Sanierung? Erneut diskutierten die Stadtverordneten in Frankfurt lebhaft über die Schwimmhalle. Nun trafen sie eine Entscheidung/
_cPhilipp Stepputtis
264 _c2023
653 _aFrankfurt (Oder)
653 _aSchwimmhalle/Hallenbad
773 0 _g34. Jahrgang (2023) Nr. 226 vom 27.09.2023, S. 15, mit Foto
_tMärkische Oderzeitung
942 _2z
_cA
999 _c372750
_d372750